Постановление бюро Центрального комитета ЛКСМ Молдавии и коллегии Министерства сельского хозяйства Молдавской ССР от 14 февраля 1955 года. О республиканском социалистическом соревновании сельских районных комсомольских организаций и молодежных звеньев, кормодобывающих бригад за выращивание высоких урожаев кукурузы (Запись № 8874040)
[ простой вид ]
| 000 -МАРКЕР | |
|---|---|
| контрольное поле | 01551nam0a22002771 4500 |
| 001 - ИДЕНТИФИКАТОР ЗАПИСИ | |
| контрольное поле | rc\3943828 |
| 005 - ИДЕНТИФИКАТОР ВЕРСИИ | |
| контрольное поле | 20260407221220.0 |
| 021 ## - НОМЕР ГОСУДАРСТВЕННОЙ РЕГИСТРАЦИИ | |
| Код страны | Российская Федерация |
| Номер | [55-13016] |
| 035 ## - ДРУГИЕ СИСТЕМНЫЕ НОМЕРА | |
| Идентификатор записи | (NLR Aleph) 008039821 |
| 100 ## - ДАННЫЕ ОБЩЕЙ ОБРАБОТКИ | |
| Данные общей обработки | 20130415d1955 |||y0rusy50 ca |
| 101 0# - ЯЗЫК РЕСУРСА | |
| Язык текста, звукозаписи и т.д. | русский |
| 102 ## - СТРАНА ПУБЛИКАЦИИ ИЛИ ПРОИЗВОДСТВА | |
| Страна публикации | Российская Федерация |
| 105 ## - ПОЛЕ КОДИРОВАННЫХ ДАННЫХ: ТЕКСТОВЫЕ МАТЕРИАЛЫ, МОНОГРАФИЧЕСКИЕ | |
| Кодированные данные о монографическом текстовом документе | y z ||||| |
| 200 1# - ЗАГЛАВИЕ И СВЕДЕНИЯ ОБ ОТВЕТСТВЕННОСТИ | |
| Основное заглавие | Постановление бюро Центрального комитета ЛКСМ Молдавии и коллегии Министерства сельского хозяйства Молдавской ССР от 14 февраля 1955 года. О республиканском социалистическом соревновании сельских районных комсомольских организаций и молодежных звеньев, кормодобывающих бригад за выращивание высоких урожаев кукурузы |
| 210 ## - ПУБЛИКАЦИЯ, РАСПРОСТРАНЕНИЕ И ДР. | |
| Место издания, распространения и т.д. | Кишинев |
| Имя издателя, распространителя и т. д. | Партиздат Молдавии |
| Дата издания, распространения и т.д. | 1955 |
| 215 ## - ФИЗИЧЕСКАЯ ХАРАКТЕРИСТИКА | |
| Специфическое обозначение материала и объем | 8 с. |
| Размеры | 20 |
| 601 02 - НАИМЕНОВАНИЕ ОРГАНИЗАЦИИ КАК ПРЕДМЕТ | |
| Начальный элемент ввода | ЛКСМ Молдавии |
| Код системы | psbo |
| 606 ## - НАИМЕНОВАНИЕ ТЕМЫ КАК ПРЕДМЕТ | |
| Наименование темы | Кукуруза |
| Тематический подзаголовок | Возделывание |
| -- | Социалистическое соревнование |
| Географический подзаголовок | Молдавская ССР |
| Код системы | psbo |
| 710 02 - НАИМЕНОВАНИЕ ОРГАНИЗАЦИИ - ПЕРВИЧНАЯ ОТВЕТСТВЕННОСТЬ | |
| Начальный элемент ввода | ЛКСМ Молдавии |
| Структурное подразделение | ЦК |
| Идентификатор авторитетной/нормативной записи | RU\NLR\AUTH\8810148005 |
| Системный номер авторитетной/нормативной записи | 790495 |
| 712 01 - НАИМЕНОВАНИЕ ОРГАНИЗАЦИИ - ВТОРИЧНАЯ ОТВЕТСТВЕННОСТЬ | |
| Начальный элемент ввода | МССР |
| Структурное подразделение | Министерство сельского хозяйства |
| Идентификатор авторитетной/нормативной записи | RU\NLR\AUTH\889924017 |
| Системный номер авторитетной/нормативной записи | 343964 |
| 801 #0 - ИСТОЧНИК ЗАПИСИ | |
| Страна | Российская Федерация |
| Организация | NLR |
| Правила каталогизации | psbo |
| 801 #1 - ИСТОЧНИК ЗАПИСИ | |
| Страна | Российская Федерация |
| Организация | ELAR |
| Источник данных | rusmarc |
| 852 ## - МЕСТОНАХОЖДЕНИЕ И ШИФР ХРАНЕНИЯ | |
| Идентификатор организации | NLR |
| Шифр хранения (Call Number) | Ир74 Г-4/588 |
| 942 ## - ДОПОЛНИТЕЛЬНЫЕ ЭЛЕМЕНТЫ ЗАПИСИ (АБИС) | |
| Тип экземпляра АБИС | Книга |
| 980 ## - КОЛЛЕКЦИЯ | |
| Название коллекции | Национальная библиография |
| Тип экземпляра | Дата поступления | Библиотека постоянного хранения | Библиотека текущего хранения | Место хранения | Шифр хранения | Штрих-код | Статус экземпляра |
|---|---|---|---|---|---|---|---|
| Книга | 26.10.2013 | РНБ (Садовая) | РНБ (Садовая) | Русский книжный фонд -Главное здание, Ленинский читальный зал | Ир74 Г-4/588 | 8039821-10 |